• 首页
  • 本馆介绍
  • 公告通知
  • 最新文献
  • 馆藏检索
  • 电子资源
  • 读者导购
  • 参考咨询
  • 我的图书馆
  • 登录
  • 详细信息显示
  • 放入我的书架
  • 预约/预借图书
  • 作者相关作品
  • 分类相关作品
  • 丛书相关作品
  • 出版社相关作品

书目信息

  • 表格格式
  • 工作单格式
  • 卡片格式
题名:
四书集注
    
 
作者: 朱熹 撰 ;张茂泽 整理
分册: 一   大学 中庸 论语
出版信息: 西安   三秦出版社  2005
页数: 300页
开本: 21cm
丛书名: 中国古典诗文十大名著
单 册:
中图分类: B222.12
科图分类:
主题词: 儒家
电子资源:
ISBN: 7-80628-217-3
000 00986oam2 2200301 450
001 002953055
005 20061114091642.75
010    @a7-80628-217-3@dCNY8.00
100    @a20050824d2005 em y0chiy0110 ea
101 0  @achi
102    @aCN@b610000
105    @aa z 000yy
200 1  @a四书集注@9si shu ji zhu@h一@i大学 中庸 论语@f(宋)朱熹撰@g张茂泽整理
205    @a2版
210    @a西安@c三秦出版社@d2005
215    @a300页@c插图@d21cm
225 2  @a中国古典诗文十大名著@e插图注解
308    @a丛书又题:插图注解中国古典诗文十大名著
330    @a宋代哲学家、思想家朱熹对《大学》、《中庸》、《论语》、《孟子》四书作了注释,本书是对《大学》、《中庸》、《论语》所作的注释。
461  0 @12001 @a中国古典诗文十大名著
605    @a四书@x注释
605    @a四书
606 0  @a儒家
690    @aB222.12@v4
701  0 @c(宋)@a朱熹@9zhu xi@f(1130~1200)@4撰
702  0 @a张茂泽@9zhang mao ze@c(哲学研究)@4整理
801  0 @aCN@bNLC@c20061114
905    @a10447@dB222.12@e267=2
    
    四书集注.一.大学 中庸 论语/(宋)朱熹撰/张茂泽整理.-2版.-西安:三秦出版社,2005
    300页:插图;21cm.-(中国古典诗文十大名著:插图注解)
    
    
    ISBN 7-80628-217-3:CNY8.00
    宋代哲学家、思想家朱熹对《大学》、《中庸》、《论语》、《孟子》四书作了注释,本书是对《大学》、《中庸》、《论语》所作的注释。
●
相关链接 在E读中查询图书 在五车中查询图书 在当当中查询图书 在豆瓣中查询图书


正题名:四书集注     索取号:B222.12/267=2         预约/预借

序号 登录号 条形码 馆藏地/架位号 状态 备注
1 0382751   203827519   第一样本阅览室/ [索取号:B222.12/267=2] 在馆    
2 0382752   203827528   第一借阅区/ [索取号:B222.12/267=2] 在馆    
3 0382753   203827537   第一借阅区/ [索取号:B222.12/267=2] 在馆    
4 0382754   203827546   第一借阅区/ [索取号:B222.12/267=2] 在馆    
5 0382755   203827555   第一借阅区/ [索取号:B222.12/267=2] 在馆    
唐山师范学院图书馆 欢迎您!
大连网信软件有限公司© 版权所有